000 00617nam a22002177a 4500
001 87927
003 UA-OsUOA
005 20230912144120.0
007 ta
008 20120926b un ||||| |||| 00| 0 ukr d
040 _aUA-OsUOA
_brus
_cUA-OsUOA
_dUA-OsUOA
041 _arus
080 _a82 (091)
090 _a82 (091)
_bИ 90
245 _aИстория русской литературы XI–XX веков: краткий очерк
260 _aМ.
_bНаука
_c1983
300 _a476 с.
650 7 _a82 Література. Літературознавство
_2UDC
942 _cBK
_2udc
955 _a2
999 _c374898
_d374898